Guess the red devil 1 - Statistics

General Stats
  • This quiz has been taken 26 times
  • The average score is 12 of 16
Answer Stats
Picture Answer % Correct
Kevin De Bruyne
94%
Marouane Fellaini
94%
Jérémy Doku
88%
Thibaut Courtois
88%
Youri Tielemans
88%
Radja Nainggolan
82%
Leandro Trossard
76%
Nacer Chadli
76%
Yannick Carrasco
76%
Amadou Onana
71%
Thomas Vermaelen
71%
Thorgan Hazard
71%
Daniel Van Buyten
65%
Alexis Saelemaekers
53%
Kevin Mirallas
41%
Guillaume Gillet
24%
No matching quizzes found
Score Distribution
Percent of People with Each Score
Percentile by Number Answered
Your Score History
You have not taken this quiz